LEADER 01094nam0-22003131i-450- 001 990005951350403321 005 20130711172209.0 035 $a000595135 035 $aFED01000595135 035 $a(Aleph)000595135FED01 035 $a000595135 100 $a20000112d1915----km-y0itay50------ba 101 0 $aita 102 $aIT 105 $a--------00-yy 200 1 $aDel commercio marittimo e della navigazione$fcommento [di] Prospero Ascoli 205 $a4. ed.$friveduta e corredata dalla pił recente giurisprudenza [da] Gastone Ascoli 210 $aTorino$cUTET$d1915 215 $a735 p.$d22 cm 225 1 $a<>codice di commercio commentato$fda Prospero Ascoli ... [et al.] ; coordinato da Leone Bolaffio e Cesare Vivante, [poi] coordinato [da] L. Bolaffio, A. Rocco, C. Vivante$v7 676 $a342.096 700 1$aAscoli,$bProspero$0226261 801 0$aIT$bUNINA$gRICA$2UNIMARC 901 $aBK 912 $a990005951350403321 952 $aVIII G 106 (7)$b4508$fFGBC 959 $aFGBC 996 $aDel commercio marittimo e della navigazione$9584464 997 $aUNINA LEADER 02772nas 2200733- 450 001 9910132815103321 005 20240120213021.0 035 $a(OCoLC)1291624836 035 $a(CKB)110978977287646 035 $a(CONSER)--2022220859 035 $a(EXLCZ)99110978977287646 100 $a20220111b19942002 --- - 101 0 $aeng 135 $aur||||||||||| 181 $ctxt$2rdacontent 182 $cc$2rdamedia 183 $acr$2rdacarrier 200 00$aHealth, physical education, and recreation, exercise and sport sciences $eMicroform Publications bulletin 210 1$aEugene, Or. :$cMicroform Publications, International Institute for Sport and Human Performance, University of Oregon,$d1994-2002 215 $a1 online resource 311 $aPrint version: Health, physical education, and recreation, exercise and sport sciences : (DLC)sn 95043421 (OCoLC)31620947 1526-1956 517 1 $aExercise and sport sciences 517 1 $aMicroform Publications bulletin 531 $aHEALTH PHYSICAL EDUCATION AND RECREATION EXERCISE AND SPORT SCIENCES MICROFORM 531 $aHEALTH, PHYSICAL EDUCATION, & RECREATION, EXERCISE AND SPORT SCIENCES 606 $aHealth education$vAbstracts$vMicroform catalogs$vPeriodicals 606 $aPhysical education and training$vAbstracts$vMicroform catalogs$vPeriodicals 606 $aRecreation$vAbstracts$vMicroform catalogs$vPeriodicals 606 $aSports sciences$vAbstracts$vMicroform catalogs$vPeriodicals 606 $aHealth 606 $aExercise 606 $aPhysical Education and Training 606 $aRecreation 606 $aSports Medicine 606 $aHealth education$2fast$3(OCoLC)fst00952878 606 $aPhysical education and training$2fast$3(OCoLC)fst01062401 606 $aRecreation$2fast$3(OCoLC)fst01091713 606 $aSports sciences$2fast$3(OCoLC)fst01130746 608 $aAbstracts 608 $aCatalog 608 $aMicroform catalogs. 608 $aMicroform catalogs.$2fast 608 $aPeriodicals.$2fast 608 $aPeriodicals.$2lcgft 608 $aAbstracts.$2lcgft 615 0$aHealth education 615 0$aPhysical education and training 615 0$aRecreation 615 0$aSports sciences 615 12$aHealth 615 22$aExercise 615 22$aPhysical Education and Training 615 22$aRecreation 615 22$aSports Medicine 615 7$aHealth education. 615 7$aPhysical education and training. 615 7$aRecreation. 615 7$aSports sciences. 676 $a016 712 02$aMicroform Publications. 906 $aJOURNAL 912 $a9910132815103321 996 $aHealth, physical education, and recreation, exercise and sport sciences$92572205 997 $aUNINA